Rahsia cermin berhantu

Bibliographic Details
Main Author: Badrul Hisham
Corporate Author: Title
Format: Book
Published: Kuala Lumpur : Penerbitan Fargoes , 2001
Series:Siri 3 penyiasat
Subjects:

MARC

LEADER 00000cam a2200000 7i4500
001 0000002651
005 20151222.0
008 070713
020 |a 983151386X 
090 0 0 |a JF   |b AD MAL (3546) 
100 0 |a Badrul Hisham 
245 1 0 |a Rahsia cermin berhantu   |c Badrul Hisham 
260 |a Kuala Lumpur :   |b Penerbitan Fargoes ,   |c 2001 
440 |a Siri 3 penyiasat 
500 |a Children ages 7-9 years old (orange) 
650 0 |a Adventure 
650 0 |a Junior fiction   |x Malay   |x Languages 
710 0 |a Title 
999 |a 0000867452   |b Book   |c Children Collection   |e Cawangan Segamat 
999 |a 0000867453   |b Book   |c Children Collection   |e Cawangan Segamat 
999 |a 0000881535   |b Book   |c Children Collection   |e Cawangan Pontian 
999 |a 0000969007   |b Book   |c Children Collection   |e Perbadanan Perpustakaan Awam Johor 
999 |a 0000969008   |b Book   |c Children Collection   |e Cawangan Tangkak 
999 |a 0000969009   |b Book   |c Children Collection   |e Perbadanan Perpustakaan Awam Johor 
999 |a 0000969010   |b Book   |c Children Collection   |e Cawangan Mersing